00571nam a2200145 a 450000100100000000500170001000800410002704000250006810000290009324500370012226000510015930000210021095201770023199900170040800004019720201002033957.0130814s1966 ag 000 0 spa d aDO-SdBNPbspacBNPHU1 aCortázar, Julio92278214aLos premios /cJulio Cortázar. aBuenos Aires :bEditorial Sudamericana,c1966. a425 p. ;c20 cm. 001050718MOaGRbGRcCTd2013-08-14iLF1l0o p40197-10r2020-06-25w2020-06-25y1zPerteneció a la biblioteca personal de Aída Cartagena PortalatínZNo se presta c39687d39687